QUALITY AND THE SUPERVISOR (Record no. 475671)

MARC details
000 -LEADER
fixed length control field 00544nam a2200205Ia 4500
008 - FIXED-LENGTH DATA ELEMENTS--GENERAL INFORMATION
fixed length control field 100315s9999 xx 000 0 und d
020 ## - INTERNATIONAL STANDARD BOOK NUMBER
International Standard Book Number 0-7135-17581 
082 ## - DEWEY DECIMAL CLASSIFICATION NUMBER
Item number 936 
Classification number 658.1 
100 ## - MAIN ENTRY--PERSONAL NAME
Personal name "Caplen, Rowland "
245 ## - TITLE STATEMENT
Title QUALITY AND THE SUPERVISOR
260 ## - PUBLICATION, DISTRIBUTION, ETC. (IMPRINT)
Place of publication, distribution, etc London 
Name of publisher, distributor, etc G.Bell & Sons  
Date of publication, distribution, etc 1977 
300 ## - PHYSICAL DESCRIPTION
Extent 102P 
365 ## - TRADE PRICE
Price note Rupees 
Unit of pricing
Price amount 20.00 
366 ## - TRADE AVAILABILITY INFORMATION
Publishers' discount category
505 ## - FORMATTED CONTENTS NOTE
Miscellaneous information Tushar Jadhav 
530 ## - ADDITIONAL PHYSICAL FORM AVAILABLE NOTE
Availability source -  
630 ## - SUBJECT ADDED ENTRY--UNIFORM TITLE
Uniform title QUALITY AND THE SUPERVISOR
730 ## - ADDED ENTRY--UNIFORM TITLE
Uniform title QUALITY AND THE SUPERVISOR
942 ## - ADDED ENTRY ELEMENTS (KOHA)
Koha item type Book
Holdings
Withdrawn status Lost status Damaged status Not for loan Home library Current library Date acquired Cost, normal purchase price Total Checkouts Full call number Barcode Date last seen Price effective from Koha item type
        Dr. V. N. Bedekar Institute of Management Studies Library Dr. V. N. Bedekar Institute of Management Studies Library 06/15/2006 20.00   658.1 /CAP  936  VPMBRIMS-936  03/19/2010 03/19/2010 Book